Les phobies - Statistiques

Statistiques générales
  • Ce quiz a été pris 210 fois
    122 depuis la dernière actualisation
  • Le résultat moyen est 13 sur 30
Statistiques - réponses
Question Réponse % Correct
Thalassophobie Des océans
84%
Emétophobie De vomir
76%
Autophobie De la solitude
70%
Alopophobie De perdre ses cheveux
65%
Coulrophobie Des clowns
65%
Sélénophobie De la Lune
59%
Scopophobie D'être regardé
59%
Néophobie Des nouveautés
57%
Trypophobie Des trous
57%
Musophobie Des rats et souris
54%
Cynophobie Des chiens
51%
Lépidophobie Des papillons
51%
Epistaciophobie Des saignements de nez
49%
Taphophobie Des tombes
49%
Aviophobie De prendre l'avion
46%
Haptophobie D'être touché
43%
Achluophobie De l'obscurité
38%
Ereutophobie De rougir
38%
Bélonéphobie Des seringues
38%
Nomophobie D'être séparé de son téléphone portable
32%
Tocophobie De la grossesse
30%
Maskaphobie Des masques
30%
Géphyrophobie Des ponts
27%
Zélophobie De la jalousie
24%
Nostophobie De rentrer chez soi
24%
Hylophobie Des arbres
22%
Clinophobie de se mettre au lit
16%
Pédiophobie Des poupons
16%
Kéraunophobie Des orages
14%
Anthophobie Des fleurs
0%
Aucun quiz correspondant
Distribution des résultats
% des personnes avec chaque résultat
Percentile par nombre de réponses
Votre historique - résultats
Vous n’avez pas pris ce quiz depuis la dernière actualisation